000
00312nam a2200133Ia 4500
008
240624s9999 xx 000 0 und d
041
_a
eng
082
_a
658.409 WEL
100
_a
WELCH JACK
245
_a
WINNING
260
_c
2005
_a
London
_b
Harper Collins
300
_a
xi, : 372 : p. : cm. ; 23
365
_c
ERU
999
_c
2938
_d
2938